| 000 | 00422cam a2200157ua 4500 | ||
|---|---|---|---|
| 041 |
_aeng _h |
||
| 082 |
_a823.308 _bSTE/BL |
||
| 100 | _aStevenson, Robet Louis. | ||
| 245 |
_aBlack arrow: the tale of the two roses / _cRobert Louis Stevenson. _hTextual Documents |
||
| 260 |
_aLondon : _bE J Arnold & Son Ltd , _c1963. |
||
| 300 | _a98 ; . | ||
| 504 | _a | ||
| 942 | _cBK | ||
| 999 |
_c11383 _d11383 |
||